000 00417nam a2200133Ia 4500
008 240719s9999 xx 000 0 und d
041 _aeng
082 _a158.1 MAN
100 _aMandell, Fred
245 _aBecoming A Life Change Artist 7 Creative Skills To Reinvent Yourself At Any Stage Of Life
260 _aNew York
_bAvery
_c2010
300 _a280.; P. 24 Cm
520 _aGifted By : IMT Faculty Dr.senthil kumar
999 _c41237
_d41237